[Event "Medellin de La Raza U2000 op"]
[Site "Medellin"]
[Date "2023.10.14"]
[Round "4"]
[White "Roldan Arboleda, Jorge Alain"]
[Black "Lopez Morales, Ruben Alfonso"]
[Result "1-0"]
[WhiteElo "1600"]
[BlackElo "1576"]
[PlyCount "97"]
[EventDate "2023.10.12"]
[EventType "swiss"]
[EventRounds "9"]
[EventCountry "COL"]
[SourceTitle "Mega2024 Update 01"]
[Source "Chessbase"]
[SourceDate "2023.11.12"]
[SourceVersion "1"]
[SourceVersionDate "2023.11.12"]
[SourceQuality "1"]

1. e4 e5 2. Nf3 Nc6 3. Bc4 Nf6 4. d3 h6 5. c3 Be7 6. 0-0 0-0 7. Re1 d6 8. Nbd2 Bg4 9. h3 Bh5 10. Nf1 Na5 11. Bb5 a6 12. Ba4 b5 13. Bc2 c5 14. Ng3 Bg6 15. Nh4 Nh7 16. Nhf5 Bg5 17. Qg4 Bxc1 18. Raxc1 Nb7 19. h4 Nf6 20. Qf3 h5 21. Rcd1 Qc7 22. Bb1 Rad8 23. d4 Rd7 24. d5 c4 25. Ne3 Nc5 26. Ngf5 Qd8 27. Kh1 Kh8 28. Rg1 Bh7 29. g4 g6 30. Ng3 hxg4 31. Nxg4 Nh5 32. Nxh5 Qxh4+ 33. Kg2 gxh5 34. Nf6 Rb7 35. Rh1 Qg5+ 36. Kf1 Bg6 37. Ke2 Qf4 38. Rdg1 Qxf3+ 39. Kxf3 b4 40. Nxh5 Kg8 41. Nf6+ Kg7 42. Nh5+ Kg8 43. Kg4 bxc3 44. bxc3 Rxb1 45. Rxb1 Bxe4 46. Nf6+ Kg7 47. Nxe4 Nxe4 48. Kf5 f6 49. Kxe4 1-0

[Event "Medellin de La Raza U2000 op"]
[Site "Medellin"]
[Date "2023.10.13"]
[Round "2"]
[White "Bermudez Rojas, Alejandro"]
[Black "Lopez Morales, Ruben Alfonso"]
[Result "0-1"]
[WhiteElo "1243"]
[BlackElo "1576"]
[PlyCount "24"]
[EventDate "2023.10.12"]
[EventType "swiss"]
[EventRounds "9"]
[EventCountry "COL"]
[SourceTitle "Mega2024 Update 01"]
[Source "Chessbase"]
[SourceDate "2023.11.12"]
[SourceVersion "1"]
[SourceVersionDate "2023.11.12"]
[SourceQuality "1"]

1. e4 e5 2. Nf3 Nc6 3. Bc4 Bc5 4. Nxe5 Nxe5 5. d4 Nxc4 6. dxc5 Qf6 7. Nc3 Ne7 8. 0-0 0-0 9. f4 d6 10. Qd3 Na5 11. cxd6 cxd6 12. Qf3 Nac6 0-1

[Event "Tunja Boyaca op-B"]
[Site "Tunja"]
[Date "2019.08.01"]
[Round "2"]
[White "Cardozo Meza, Ferney Adan"]
[Black "Lopez Morales, Ruben Alfonso"]
[Result "1-0"]
[WhiteElo "1848"]
[BlackElo "1615"]
[PlyCount "47"]
[EventDate "2019.07.31"]
[EventType "swiss"]
[EventRounds "9"]
[EventCountry "COL"]
[SourceTitle "EXT 2020"]
[Source "ChessBase"]
[SourceDate "2019.10.17"]
[SourceVersion "1"]
[SourceVersionDate "2019.10.17"]
[SourceQuality "1"]

1. e4 e5 2. Nf3 Nc6 3. Bc4 Be7 4. d4 d6 5. dxe5 dxe5 6. Qxd8+ Bxd8 7. Bb5 Bd7 8. 0-0 Nge7 9. Rd1 a6 10. Ba4 b5 11. Bb3 Bg4 12. Be3 0-0 13. h3 Bxf3 14. gxf3 Na5 15. Nc3 Ng6 16. Rd7 Nxb3 17. axb3 Nh4 18. Nxb5 c6 19. Nc7 Bxc7 20. Rxc7 Nxf3+ 21. Kf1 f5 22. Rd1 f4 23. Rdd7 Rf6 24. Rxg7+ 1-0

[Event "Gachantiva op 9th"]
[Site "Gachantiva"]
[Date "2019.06.24"]
[Round "7"]
[White "Castillo Barajas, Juan Alberto"]
[Black "Lopez Morales, Ruben Alfonso"]
[Result "0-1"]
[WhiteElo "1436"]
[BlackElo "1605"]
[PlyCount "122"]
[EventDate "2019.06.21"]
[EventType "swiss"]
[EventRounds "7"]
[EventCountry "COL"]
[SourceTitle "CBM 191 Extra"]
[Source "ChessBase"]
[SourceDate "2019.09.30"]
[SourceVersion "1"]
[SourceVersionDate "2019.09.30"]
[SourceQuality "1"]

1. e4 e5 2. Nf3 Nc6 3. Bb5 d6 4. h3 a6 5. Ba4 b5 6. Bb3 Na5 7. c3 Nxb3 8. Qxb3 Be6 9. Qc2 Be7 10. d4 Bf6 11. d5 Bd7 12. Be3 h6 13. Nbd2 Ne7 14. 0-0-0 c5 15. dxc6 Nxc6 16. Nf1 Be6 17. Kb1 Qc7 18. Rc1 b4 19. b3 Qb8 20. c4 0-0 21. g4 Be7 22. g5 h5 23. Nh4 a5 24. Nf5 g6 25. Nxe7+ Nxe7 26. Ng3 Rc8 27. Qd2 a4 28. Rhd1 Rc6 29. Rc2 axb3 30. axb3 Rca6 31. Rb2 Bxh3 32. f4 Bg4 33. Rh1 Ra1+ 34. Kc2 Rxh1 35. Nxh1 Ra1 36. Nf2 Bf3 37. Rb1 Ra2+ 38. Rb2 Ra1 39. fxe5 dxe5 40. Bc5 Nc6 41. Qd6 Qxd6 42. Bxd6 Kg7 43. Kd3 Bh1 44. c5 Bg2 45. Kc4 Ra6 46. Kd5 Bf1 47. Bxe5+ Nxe5 48. Kxe5 Bb5 49. Kd4 Re6 50. Nd3 Bxd3 51. Kxd3 f6 52. gxf6+ Kxf6 53. Kd4 g5 54. Rf2+ Kg6 55. Kd5 Re8 56. c6 h4 57. e5 h3 58. e6 g4 59. Ke5 Kg5 60. Rf7 g3 61. Rh7 h2 0-1

[Event "Gachantiva op 9th"]
[Site "Gachantiva"]
[Date "2019.06.22"]
[Round "3"]
[White "Rojas Castillo, Andrea Lizeth"]
[Black "Lopez Morales, Ruben Alfonso"]
[Result "1-0"]
[WhiteElo "1680"]
[BlackElo "1605"]
[PlyCount "56"]
[EventDate "2019.06.21"]
[EventType "swiss"]
[EventRounds "7"]
[EventCountry "COL"]
[SourceTitle "CBM 191 Extra"]
[Source "ChessBase"]
[SourceDate "2019.09.30"]
[SourceVersion "1"]
[SourceVersionDate "2019.09.30"]
[SourceQuality "1"]

1. d4 d5 2. Bf4 Bf5 3. e3 e6 4. c4 Nf6 5. Nc3 Be7 6. Nf3 Nh5 7. Be5 f6 8. Bg3 Nxg3 9. hxg3 Bg4 10. Bd3 f5 11. Qa4+ c6 12. Ne5 g6 13. Nxg4 fxg4 14. Bxg6+ Kf8 15. Qc2 h6 16. Qe2 Bb4 17. Qxg4 Qf6 18. Qf4 Qxf4 19. gxf4 Nd7 20. cxd5 cxd5 21. g3 Nb6 22. Ke2 Nc4 23. a3 Bxc3 24. bxc3 b6 25. Bd3 Rc8 26. Rac1 Na5 27. Rc2 Nc4 28. Bxc4 Rxc4 1-0

[Event "Gachantiva op 9th"]
[Site "Gachantiva"]
[Date "2019.06.21"]
[Round "1"]
[White "Vanegas, Ricardo"]
[Black "Lopez Morales, Ruben Alfonso"]
[Result "0-1"]
[WhiteElo "1807"]
[BlackElo "1605"]
[PlyCount "22"]
[EventDate "2019.06.21"]
[EventType "swiss"]
[EventRounds "7"]
[EventCountry "COL"]
[SourceTitle "CBM 191 Extra"]
[Source "ChessBase"]
[SourceDate "2019.09.30"]
[SourceVersion "1"]
[SourceVersionDate "2019.09.30"]
[SourceQuality "1"]

1. e4 e5 2. Nf3 Nc6 3. Bb5 d6 4. d3 Bd7 5. 0-0 f6 6. Qe2 a6 7. Ba4 b5 8. Bb3 Bg4 9. a4 Rb8 10. Rd1 Be7 11. Na3 b4 0-1

[Event "COL-ch U1700"]
[Site "Pereira"]
[Date "2019.03.23"]
[Round "5"]
[White "Lopez Morales, Ruben Alfonso"]
[Black "Lopez Ramirez, Daniel Giovanny"]
[Result "0-1"]
[WhiteElo "1627"]
[BlackElo "1688"]
[PlyCount "86"]
[EventDate "2019.03.21"]
[EventType "swiss"]
[EventRounds "9"]
[EventCountry "COL"]
[SourceTitle "CBM 189 Extra"]
[Source "ChessBase"]
[SourceDate "2019.06.03"]
[SourceVersion "1"]
[SourceVersionDate "2019.06.03"]
[SourceQuality "1"]

1. e4 d6 2. d4 Nf6 3. Bd3 e5 4. d5 g6 5. c4 a5 6. Nc3 Nbd7 7. Be3 Bg7 8. h3 Ng8 9. Qd2 Ne7 10. f3 f5 11. exf5 Nxf5 12. Bxf5 gxf5 13. 0-0-0 f4 14. Bf2 h5 15. Ne4 Nf6 16. Qe2 Nxe4 17. fxe4 Qg5 18. Qf3 Bd7 19. Kb1 h4 20. Ne2 0-0-0 21. Rhg1 Be8 22. Rc1 Bh5 23. Qd3 Bxe2 24. Qxe2 Qh5 25. Qd3 Rdf8 26. c5 dxc5 27. Bxc5 Rf7 28. Qb5 Qg6 29. Rc4 Qa6 30. Qxa6 bxa6 31. Bb6 Bf8 32. Bxa5 Rg8 33. Rgc1 Bd6 34. R4c2 Rfg7 35. a3 Rxg2 36. Rc6 Rg1 37. Be1 Kb7 38. Bxh4 Rxc1+ 39. Rxc1 Rh8 40. Bf2 Rxh3 41. Ka2 Be7 42. Rf1 Rf3 43. a4 Bc5 0-1

[Event "COL-ch U1700"]
[Site "Pereira"]
[Date "2019.03.22"]
[Round "2"]
[White "Orozco Fernandez, Eliana Andrea"]
[Black "Lopez Morales, Ruben Alfonso"]
[Result "0-1"]
[WhiteElo "1226"]
[BlackElo "1627"]
[PlyCount "60"]
[EventDate "2019.03.21"]
[EventType "swiss"]
[EventRounds "9"]
[EventCountry "COL"]
[SourceTitle "CBM 189 Extra"]
[Source "ChessBase"]
[SourceDate "2019.06.03"]
[SourceVersion "1"]
[SourceVersionDate "2019.06.03"]
[SourceQuality "1"]

1. e4 e5 2. Nf3 Nc6 3. Bc4 d6 4. h3 h6 5. d3 Na5 6. Bb3 Nxb3 7. axb3 f5 8. exf5 Bxf5 9. Nbd2 Nf6 10. Nf1 Be7 11. Ng3 Bh7 12. Be3 a6 13. Qd2 Nd5 14. Ra4 Qd7 15. 0-0 Nf6 16. Rfa1 0-0 17. Qe2 Rae8 18. Nh4 Bd8 19. Nh5 Qf7 20. Nxf6+ Bxf6 21. Qg4 Kh8 22. Rf1 Bxh4 23. Qxh4 Re6 24. f4 Rf6 25. Rf3 g5 26. fxg5 Rxf3 27. gxf3 Qxf3 28. Bf2 hxg5 29. Qg3 Qd1+ 30. Kg2 Qxc2 0-1

[Event "Tunja Boyacense op"]
[Site "Tunja"]
[Date "2018.12.14"]
[Round "3"]
[White "Campos Gomez, Manuel"]
[Black "Lopez Morales, Ruben Alfonso"]
[Result "1-0"]
[WhiteElo "1891"]
[BlackElo "1620"]
[PlyCount "87"]
[EventDate "2018.12.13"]
[EventType "swiss"]
[EventRounds "7"]
[EventCountry "COL"]
[SourceTitle "CBM 187 Extra"]
[Source "ChessBase"]
[SourceDate "2018.11.04"]
[SourceVersion "1"]
[SourceVersionDate "2018.11.04"]
[SourceQuality "1"]

1. e4 e5 2. Nf3 Nc6 3. Bb5 d6 4. d4 exd4 5. Nxd4 Bd7 6. 0-0 Nxd4 7. Bxd7+ Qxd7 8. Qxd4 Ne7 9. f4 Nc6 10. Qd1 Be7 11. Nc3 Rd8 12. Be3 0-0 13. f5 Bf6 14. Nd5 Bxb2 15. Rb1 Ba3 16. Rxb7 Bc5 17. Bxc5 dxc5 18. Rxc7 Qxc7 19. Nxc7 Rxd1 20. Rxd1 Nb4 21. Nb5 a5 22. c3 Nxa2 23. Ra1 Rb8 24. Rxa2 Rxb5 25. c4 Rb8 26. Rxa5 Rc8 27. Kf2 f6 28. Ke3 Rc7 29. h4 h6 30. Kf4 Kf7 31. h5 Ke7 32. g4 Kd6 33. Ra6+ Ke7 34. e5 Rd7 35. Re6+ Kf7 36. Rd6 Ke7 37. Rxd7+ Kxd7 38. e6+ Ke7 39. Ke3 Kd6 40. Kd3 Kc6 41. Kc3 Kc7 42. Kb3 Kc6 43. Ka4 Kc7 44. Kb5 1-0